000
00281nam a22001337a 4500
003
SGT
082
_a
615.53
_b
B06S
100
_a
SUKLA, GIRIJADYALU
245
_a
BHEL SAMHITA
260
_a
VARANASI
_b
CHAUKHAMBHA PUB
_c
2006
300
_a
285
650
_a
AYURVEDA
942
_2
ddc
_c
BK
999
_c
14390
_d
14390